=LDR 00000nam 2200000 4500 =001 INLIS000000000013576 =005 20130612104940 =008 ***********************************Ind** =035 ##$$0010-061300000013576 =041 ##$$a Ind =082 ##$$a F Rom K =090 ##$$a F Rom K, Mil t =100 ##$$a Milton, Freddy =245 ##$$a Teknokrak agung, Freddy Milton;Terjemah, Djokolelono =300 ##$$a 44 hlm, Ilus, 29 cm =650 ##$$a Fiksi kanak-kanak =850 ##$$a NBPNMAT =990 ##$$a 21601606/BPAP-NTB/2017